000 00742nam a2200217Ii 4500
003 JO-AjNU
008 230605s9999||||xx |||||||||||||| ||und||
017 _a1986/1/61
040 _aJO-AjNU
_bara
_erda
_cJO-AjNU
041 _aara
050 1 4 _aBP134.E8.A2288 1986
100 3 _aتاليف عدس، محمد عبد الرحيم,
_eauthor
_97496
245 0 0 _aالخلق الحميد في القرآن المجيد
250 _aط1
264 3 1 _aعمان: دار مجدلاوي للنشر والتوزيع، 1986
300 _a229ص
336 _atext
_btxt
_2rdacontent
337 _aunmediated
_bn
_2rdamedia
338 _avolume
_bnc
_2rdacarrier
650 4 _aالتربية الاسلامية - الاخلاق الاسلامية
_97497
999 _aA308
_c3876
_d3876